Dinosaures : 2 ou 4 pattes ? ou des ailes ? ou des nageoires ? - Statistiques

Statistiques générales
  • Ce quiz a été pris 353 fois
  • Le résultat moyen est 21 sur 35
Statistiques - réponses
Hint Réponse % Correct
Pterodactyle AILES
92%
Pteranodon AILES
90%
Compsognathus DEUX PATTES
84%
Vélociraptor DEUX PATTES
84%
Stégosaure QUATRE PATTES
82%
Brachiosaure QUATRE PATTES
81%
Diplodocus QUATRE PATTES
81%
Brontosaure QUATRE PATTES
81%
Tyrannosaure DEUX PATTES
80%
Mosasaurus NAGEOIRES
80%
Ankylosaure QUATRE PATTES
79%
Tricératops QUATRE PATTES
78%
Oviraptor DEUX PATTES
77%
Allosaure DEUX PATTES
76%
Iguanodon QUATRE PATTES
75%
Plesiosaure NAGEOIRES
72%
Dilophosaure DEUX PATTES
71%
Spinosaure DEUX PATTES
71%
Protocératops QUATRE PATTES
69%
Spinosaure DEUX PATTES
67%
Giganotosaure DEUX PATTES
67%
Therizinosaure DEUX PATTES
67%
Deinonychus DEUX PATTES
62%
Archéoptéryx AILES
56%
Sauropelta QUATRE PATTES
55%
Parasaurolophus DEUX PATTES
54%
Styracosaure QUATRE PATTES
49%
Coelophyse DEUX PATTES
44%
Nodosaure QUATRE PATTES
39%
Rhamphorhynchus AILES
32%
Hypsilophodon DEUX PATTES
27%
Shastasaurus NAGEOIRES
18%
Troodon AILES
4%
Gigantoraptor AILES
3%
Gallimimus AILES
2%
Aucun quiz correspondant
Distribution des résultats
% des personnes avec chaque résultat
Percentile par nombre de réponses
Votre historique - résultats
Vous n’avez pas pris ce quiz